000
nam a22 7a 4500
999
_c
49398
_d
49398
003
OSt
005
20191129150753.0
008
191129b xxu||||| |||| 00| 0 eng d
040
_c
sero soft
100
_a
Mohd.OSIM
245
_a
Olypic Movement
260
_a
Delhi
_b
Sports Publication ,Delhi
300
_a
316
942
_2
ddc
_c
02